إبن خلدون : (رقم التسجيلة. 31612)

تفاصيل مارك
000 -LEADER
fixed length control field 00641nam a22001937a 4500
005 - DATE AND TIME OF LATEST TRANSACTION
control field 20251108165811.0
008 - FIXED-LENGTH DATA ELEMENTS--GENERAL INFORMATION
fixed length control field 250721s1988 xx 000 0 ara d
082 14 - DEWEY DECIMAL CLASSIFICATION NUMBER
Classification number ط/923/عنا
100 1# - MAIN ENTRY--PERSONAL NAME
Personal name عنايت، راجي
245 10 - TITLE STATEMENT
Title إبن خلدون :
Remainder of title مؤسس علم الإجتماع /
250 ## - EDITION STATEMENT
Edition statement ط2 . ، منقحة
264 1# - PRODUCTION, PUBLICATION, DISTRIBUTION, MANUFACTURE, AND COPYRIGHT NOTICE
Place of production, publication, distribution, manufacture بيروت :
Name of producer, publisher, distributor, manufacturer المؤسسة العربية للدراسات و النشر،
Date of production, publication, distribution, manufacture, or copyright notice 1988.
300 ## - PHYSICAL DESCRIPTION
Extent 56ص
490 0# - SERIES STATEMENT
Series statement علماء العرب للفتيان و الفتيات
Volume/sequential designation 4
650 17 - SUBJECT ADDED ENTRY--TOPICAL TERM
Topical term or geographic name as entry element التراجم
653 ## - INDEX TERM--UNCONTROLLED
Uncontrolled term ناشئون صغار (10-14 سنة )
942 ## - ADDED ENTRY ELEMENTS (KOHA)
Source of classification or shelving scheme Dewey Decimal Classification
Koha item type كتب
المقتنيات
حالة السحب حالة الفقدان مصدر التصنيف حالة التلف غير قابل للإعارة المكتبة الرئيسية المكتبة الحالية موقع الرف تاريخ التزويد الرقم المتسلسل Total Checkouts رقم الإستدعاء تاريخ آخر ظهور تاريخ الفاتورة نوع المادة (كوها) الباركود
    Dewey Decimal Classification     مكتبة أم المؤمنين للأطفال مكتبة أم المؤمنين للأطفال الأطفال 28/07/2025 1045523   ط/923/عنا 28/07/2025 28/07/2025 كتب 1045523
    Dewey Decimal Classification Unchecked   مكتبة أم قصير والمقابلين العامة مكتبة أم قصير والمقابلين العامة الأطفال 06/07/2004 3504   ط/923/عنا 28/07/2025 06/07/2004 كتب  
    Dewey Decimal Classification     مكتبة الاميرة بديعة مكتبة الاميرة بديعة الأطفال 04/07/2015 [44].   ط/923/عنا 28/07/2025 04/07/2015 كتب PLD00336092
    Dewey Decimal Classification     مكتبة البيادر مكتبة البيادر الأطفال 28/07/2025 1010218   ط/923/عنا 28/07/2025 28/07/2025 كتب 1010218
    Dewey Decimal Classification Unchecked   مكتبة الجويدة مكتبة الجويدة الأطفال 06/07/2004 1105   ط/923/عنا 28/07/2025 06/07/2004 كتب  
    Dewey Decimal Classification Unchecked   مكتبة الحسن العامة مكتبة الحسن العامة الأطفال 06/07/2004 2922   ط/923/عنا 28/07/2025 06/07/2004 كتب  
    Dewey Decimal Classification Unchecked   مكتبة النصر العامة مكتبة النصر العامة الأطفال 06/07/2004 3082   ط/923/عنا 28/07/2025 06/07/2004 كتب  
    Dewey Decimal Classification Unchecked   مكتبة صويلح العامة مكتبة صويلح العامة الأطفال 06/07/2004 2713   ط/923/عنا 28/07/2025 06/07/2004 كتب  
    Dewey Decimal Classification Unchecked   مكتبة صويلح العامة مكتبة صويلح العامة الأطفال 06/07/2004 1677   ط/923/عنا 28/07/2025 06/07/2004 كتب  
    Dewey Decimal Classification Unchecked   مكتبة وادي السير العامة مكتبة وادي السير العامة الأطفال 06/07/2004 1777   ط/923/عنا 28/07/2025 06/07/2004 كتب  
    Dewey Decimal Classification     مكتبة وادي السير العامة مكتبة وادي السير العامة الأطفال 23/11/2015 [44]..   ط/923/عنا 28/07/2025 23/11/2015 كتب PLD00366261
Implemented & Customized by: BBB with SCIT (Smart Chains for Information Technology)

Powered by Koha